000 00370nam a2200145Ia 4500
005 20250729165758.0
008 250729s2014 xx 000 0 und d
041 _aeng
082 _a370.2 PARS
100 _aDr.S.P.Padma Prasad
_9232787
245 _aSchool Management
260 _aBangalore
_bPrakasha Sahithya
_c2014
300 _a162p
650 _aEducation
_9232788
999 _c239956
_d239956